Ingeniería de Control Moderna

-д хадгалсан:
Номзүйн дэлгэрэнгүй
Үндсэн зохиолч: Ogata, Katsuhiko (autor)
Формат: Ном
Хэл сонгох:испани
Хэвлэсэн: Ciudad de México Prentice-Hall Hispanoamericana 1980
Нөхцлүүд:
Шошгууд: Шошго нэмэх
Шошго байхгүй, Энэхүү баримтыг шошголох эхний хүн болох!

MARC

LEADER 00000nam a2200000 a 4500
001 UCW2038
003 CL-VaPUC
008 900820e19800000MX |||||||||||||||||spa|d
082 0 4 |a 629.8  |b OGA  |2 21 
100 |a Ogata, Katsuhiko  |e autor  |9 306008 
245 1 0 |a Ingeniería de Control Moderna 
300 |a 902 p 
942 |c BK 
945 |d 19900820 00:00:00 
260 |a Ciudad de México  |b Prentice-Hall Hispanoamericana  |c 1980 
650 0 |a Control automático  |9 259890 
650 0 |a Teoría del control  |9 260349 
583 |a last modification  |c 19900820 00:00:00  |k Rodrigo Vera 
999 |c 216699  |d 216697 
952 |0 0  |1 0  |4 0  |6 629_800000000000000_OGA_1980  |7 0  |8 A  |9 202694  |a BIBGIM  |b BIBGIM  |d 2019-11-14  |i 2700336  |o 629.8 OGA 1980  |p 2700336  |r 2025-01-15  |w 2019-11-14  |y BK  |k COM